MARC

LEADER 00000nam0a2200000 4500
001 15050
005 20231030190012.0
010 |a 5201149057 
035 |a (RuTPU)RU\TPU\book\15152 
035 |a BOOK00000078 
090 |a 15050 
100 |a 20011209d1999 k y0rusy50 ca 
101 0 |a rus 
102 |a RU 
105 |a y z 000|y 
200 1 |a Некоторые проблемы нелинейной сейсмологии  |f О. Б. Хаврошкин 
210 |a Москва  |c ОИФЗ РАН  |d 1999 
215 |a 286 с. 
610 1 |a сейсмология 
610 1 |a исследования 
610 1 |a сейсмические волны 
610 1 |a хаос 
610 1 |a самоорганизация 
610 1 |a нелинейные процессы 
675 |a 550.34.01  |v 3 
700 1 |a Хаврошкин  |b О. Б.  |g Олег Борисович 
801 0 |a RU  |b 63413507  |c 20011209  |g PSBO 
801 2 |a RU  |b 63413507  |c 20080218  |g PSBO 
942 |c BK